000 00674nam a2200241 i 4500
001 C2-0314891
003 PPAK
005 20180728110620.0
008 120401s1998 my a|||| ||||| | may d
020 _a9839319353
040 _aPPAK
_beng
_cPPAK
_erda
082 0 4 _a616.99466
_223
090 0 0 _a616.99466
_bAZI
_dR
100 0 _aAzimahtol Hawariah Lope Pihie,
_eauthor
245 1 0 _aKanser uterus
264 1 _aSelangor :
_bUniversiti Putra Malaysia ,
_c1998
300 _axi, 56 pages :
_billustrations ;
_c21 cm
336 _2rdacontent
_atext
337 _2rdamedia
_aunmediated
338 _2rdacarrier
_avolume
650 1 0 _aUterus - Canser.
942 _ddc
_cB
999 _c116223
_d116223